000 00668cam a22002413a 4500
001 1850
003 PGUSA
005 20140828083007.0
008 060514s2006||||xxu|||||s|||||000 | eng d
040 _aPGUSA
_beng
042 _adc
050 4 _aPS
100 1 _aIrving, Washington,
_d1783-1859
245 1 0 _aOld Christmas
_h[electronic resource] /
_cWashington Irving
260 _bProject Gutenberg,
_c2006
506 _aPublic domain in the USA.
516 _aElectronic text
653 _aChristmas -- England
653 _aChristmas stories, American
830 0 _aProject Gutenberg
_v1850
856 4 0 _uhttp://www.gutenberg.org/ebooks/1850
942 _cEB
999 _c231193
_d231193